Normal view
MARC view
- C PLUS PLUS-NEWEST FEATURES C PLUS PLUS- EXAMPLES
Entry Topical Term
001 - CONTROL NUMBER
- control field: 75486
003 - CONTROL NUMBER IDENTIFIER
- control field: NUST
005 - DATE AND TIME OF LATEST TRANSACTION
- control field: 20210628205424.0
008 - FIXED-LENGTH DATA ELEMENTS
- fixed length control field: 210628|| aca||aabn | a|a d
040 ## - CATALOGING SOURCE
- Original cataloging agency: NUST
- Transcribing agency: NUST
150 ## - HEADING--TOPICAL TERM
- Topical term or geographic name entry element: C PLUS PLUS-NEWEST FEATURES C PLUS PLUS- EXAMPLES
670 ## - SOURCE DATA FOUND
- Source citation: Work cat.: (NUST): Schildt, Herbert 57047, C plus plus fron the ground uplearn c plus plus fron the master, 1998
